Riconosci lo Stato - Quiz n°86 - Statistics

Statistiche generali
  • Questo quiz è stato fatto 51 volte
  • Il punteggio medio è 9 su 13
Statistiche sulle risposte
Indizio Risposta % Corretto
Iniziale della Capitale L
93%
Valuta Franco CFA
86%
Popolazione 2 119 275 ab.
81%
Fuso Orario UTC+1
81%
Superficie 267 667 km²
76%
Indipendenza dalla Francia il 17 agosto 1960
74%
Presidente della Repubblica Brice Clotaire Oligui Nguema (ad interim)
71%
Primo ministro Raymond Ndong Sima
69%
Forma di Governo Repubblica presidenziale (de iure) Giunta militare (de facto)
62%
ISU 0,674
57%
PIL (nominale) 18 397 milioni di $
57%
Tasso di crescita 1,977%
55%
Risposta Gabon
45%
Nessun quiz corrispondente trovato
Distribuzione punteggi
Percentuale di utenti per punteggio
Percentile per numero di risposta
I tuoi punteggi nel tempo
Non hai fatto questo quiz